Programa de desarrollo profesoral / (Registro nro. 7661)

Detalles MARC
000 -LIDER
fixed length control field 01156nam a2200349 a 4500
001 - NÚMERO DE CONTROL
Identificador de número de control 000038738
003 - IDENTIFICACDOR DE NÚMERO DE CONTROL
control field DO-SdBNP
005 - DATE AND TIME OF LATEST TRANSACTION
control field 20180213130020.0
007 - CAMPOS FIJOS DE DESCRIPCIÓN FÍSICA
fixed length control field 000038738
008 - ELEMENTOS DE LONGITUD FIJA
fixed length control field 130419s20uu dr 000 0 spa d
040 ## - FUENTE DE CATALOGACIÓN
Agencia que crea de manera original el registro BPMET
Idioma de catalogación spa
Agencia que realiza la transcripción BPMET
049 ## - LOCAL HOLDINGS (OCLC)
Holding library BNPD
092 ## - LOCALLY ASSIGNED DEWEY DECIMAL CALL NUMBER
Número de clasificación 378.12
Número de ítem (Cutter) M636p
100 1# - ASIENTO PRINCIPAL -- NOMBRE PERSONAL
Nombre personal Miguel, José Agustín de
245 10 - MENCIÓN DE TITULO
Título Programa de desarrollo profesoral /
Mención de responsabilidad José Agustín de Miguel, Julia Mora Mora.
260 ## - PUBLICACIÓN, DISTRIBUCIÓN, ETC. (PIE DE IMPRENTA)
Lugar de publicación, distribución, etc Santo Domingo :
Nombre del editor, distribuidor, etc. Instituto Tecnológico de Santo Domingo,
Fecha de publicación, distribución, etc [19-?].
300 ## - DESCRIPCIÓN FÍSICA
Extensión 36 p. ;
Dimensiones 22 cm.
504 ## - NOTA DE BIBLIOGRAFÍA, ETC.
Bibliography, etc Bibliografía: p.34.
650 #4 - ENCABEZAMIENTO DE MATERIA--TEMÁTICO
Término temático o nombre geográfico como elemento de entrada FORMACIÓN PROFESIONAL DE MAESTROS
650 #4 - ENCABEZAMIENTO DE MATERIA--TEMÁTICO
Término temático o nombre geográfico como elemento de entrada PROFESORES UNIVERSITARIOS
650 #4 - ENCABEZAMIENTO DE MATERIA--TEMÁTICO
Término temático o nombre geográfico como elemento de entrada CAPACITACIÓN DOCENTE
650 #4 - ENCABEZAMIENTO DE MATERIA--TEMÁTICO
Término temático o nombre geográfico como elemento de entrada CENTROS DE ENTRENAMIENTO DE MAESTROS
700 12 - ASIENTO SECUNDARIO -- NOMBRE PERSONAL
Nombre personal Mora Mora, Julia
910 ## - VALIDACIÓN
Validación Validado. Control de calidad EMS
930 #1 - EQUIVALENCE OR CROSS-REFERENCE-UNIFORM TITLE HEADING [LOCAL, CANADA]
Field link and sequence number 20140428
Date of a work 04
Name of part/section of a work HD
Miscellaneous information 44426
Medium e. 3
942 ## - ADDED ENTRY ELEMENTS (KOHA)
Source of classification or shelving scheme Dewey Decimal Classification
Koha item type Libros
945 ## - INFORMACIÓN DE PROCESAMIENTO LOCAL
Información de procesamiento local inventariado, 2018 / dg
956 ## - LOCAL ELECTRONIC LOCATION AND ACCESS (OCLC)
Nombre de host WMENDOZA
Número de acceso 10
Información de compresión 20130419
Inicio de sesión BND01
Procesador de solicitud 1141
956 ## - LOCAL ELECTRONIC LOCATION AND ACCESS (OCLC)
Nombre de host NMORDAN
Número de acceso 10
Información de compresión 20130515
Inicio de sesión BND01
Procesador de solicitud 1305
956 ## - LOCAL ELECTRONIC LOCATION AND ACCESS (OCLC)
Nombre de host EMARRERO
Número de acceso 40
Información de compresión 20150224
Inicio de sesión BND01
Procesador de solicitud 2107
956 ## - LOCAL ELECTRONIC LOCATION AND ACCESS (OCLC)
Nombre de host VMATEO
Número de acceso 10
Información de compresión 20150416
Inicio de sesión BND01
Procesador de solicitud 00151
Existencias
Withdrawn status Lost status Source of classification or shelving scheme Damaged status Not for loan Home library Current library Date acquired Total Checkouts Barcode Date last seen Price effective from Koha item type
    Dewey Decimal Classification     Biblioteca Pública Metropolitana Salomé Ureña Biblioteca Pública Metropolitana Salomé Ureña 04/16/2015   BPMET15040403 04/16/2015 04/16/2015 Libros